00491nam a2200157Ia 450000100060000000800390000608200110004510000180005624500950007425000110016926000500018030000180023065300120024865300590026065300140031965834221223n ii |||gr||||Z||||||346 a891.44 aNath, Nirmal. 0aAdhunik Bangla Gaan : Swarnayogar itebritta (1930-1980)cBy Nirmal NathhTextual Documents aFirst. aCalcutta:bSamit Sarker,c1426 (Bengali Sak). a490pg:c23cm. aBengali aAdhunik Bangla Gaan : Swarnayogar itebritta (1930-1980 aG-Bengali